| 000 | 00435cam a2200181 4500 | ||
|---|---|---|---|
| 001 | D5439 | ||
| 008 | 090401t1982 xxu||||| |||| 00| 0 eng d | ||
| 035 | _a(Sirsi) u50622 | ||
| 041 | _aeng | ||
| 050 | _a306.026 | ||
| 100 | _aHarrison, Tom | ||
| 245 | _aLaw for housing managers | ||
| 260 |
_aSunderland _bBusiness Education Publishers _c1982 |
||
| 300 | _axxiv. 420p. 21cm | ||
| 350 | _a8.95 | ||
| 942 | _n0 | ||
| 948 | _c04/03/1997 | ||
| 999 |
_c92729 _d92729 |
||